| 000 | 00960nam a2200241Ia 4500 | ||
|---|---|---|---|
| 003 | OSt | ||
| 005 | 20220923215556.0 | ||
| 006 | a|||||r|||| 00| 0 | ||
| 007 | ta | ||
| 008 | 220922b |||||||| |||| 00| 0 hin d | ||
| 024 | _a179,958 | ||
| 037 | _cTextual | ||
| 040 |
_aARTS _cARTS _bhin |
||
| 041 |
_2hin _ahin |
||
| 082 | _aO152,1J32,18:g, K6 | ||
| 100 |
_aतुलसीदास _9156277 |
||
| 245 | 0 | _aकवितावली, टीकाकार भगवानदीन ''दीन'' एवं विश्वनाथ प्रसाद मिश्र | |
| 246 | _aKavitāvalī, ṭīkākār bhagavānadīn ''dīna'' evan vishvanāth prasād mishra | ||
| 260 |
_aइलाहाबाद _b रामनारायण लाल बेनी प्रसाद प्रकाशन _c1976 |
||
| 300 |
_a204 पृ. _ccm. |
||
| 942 |
_hO152,1J32,18:g, K6 _cTEXL _2CC |
||
| 999 |
_c333339 _d333339 |
||